00991nam a22002537i 4500003000900000005001700009007000300026008004100029040003200070100005200102245008100154264007200235300004400307336002800351337003400379338003000413500001000443590007500453590002700528710005000555942001400605952010100619999001700720DO-SdBNP20240215104210.0ta240117b1941 dr a|||| |||| 00| 0 spa d aDO-SdBNP bspacBNPHU erda1 aParadas Veloz, Félix Alejandro,eautor98479110aContribución al estudio de las ipomeas /cFélix Alejandro Paradas Veloz. aCiudad Trujillo, República DominicanabImprenta Montalvo, c1941. a73 páginas :bilustraciones ;c24 cm. 2rdacontentatexto btxt 2rdamediaasin mediación bn 2rdacarrier avolumen bnc aTesis aPerteneció a la biblioteca personal de Carlos Larrazábal Blanco. aInventariado, 2024 /LP1 aUniversidad Central de Santo Domingo :984923 2ddccLBS1 00102ddc51708PD-RVaBNPHUbBNPHUcCTd2024-01-17l0p2024-0270r2024-01-17w2024-01-17yLBS1 c55704d55704